| 000 | 01081nam a2200325 i 4500 | ||
|---|---|---|---|
| 001 | 187196 | ||
| 003 | OSt | ||
| 005 | 20180921 | ||
| 008 | 0000002011 dr ADN 0000000000spa00 | ||
| 100 | _aCordero Andujar, Rogelio J | ||
| 245 |
_aUso correcto de analgésicos en el post-quirúrgico en odontología, Clínica Modular UCE en el periodo septiembre-diciembre 2010 _cRogelio J. Cordero Andújar ; asesores Rogelio Cordero, Xiomara Hilario |
||
| 260 |
_aSan Pedro de Macorís : _bUniversidad Central del Este |
||
| 300 | _a98 h. | ||
| 502 | _aTesis (Doctor en Odontología) -- Universidad Central del Este, 2011 | ||
| 504 | _aIncluye bibliografía e índice | ||
| 650 |
_aAnalgésicos _aFarmacología odontológica _aMedicamentos _aPrescripciones odontológicas _aTC6202 _aTesis y disertaciones académicas |
||
| 700 |
_aCordero, Rogelio, ases _aHilario, Xiomara, ases |
||
| 040 |
_aDLC _cDLC |
||
| 942 |
_2ddc _cTH |
||
| 999 |
_c187196 _d18719600 |
||